000 00692nms a22002177a 4500
003 NALT
005 20211006093809.0
006 a|||||r|||| 00| 0
007 ca aa aaaaa
008 210108b th ||||| |||| 00| 0 tha d
022 _a19051662
040 _aNALT
245 0 0 _aจดหมายข่าว วช.
246 _aสำนักงานการวิจัยแห่งชาติ
310 _aรายเดือน
500 _aวารสารอิเล็กทรอนิกส์
850 _aNALT
856 _uhttp://www2.nrct.go.th/nrctnewsletter.aspx
942 _cJNR
_2lcc
998 _ajintana
_j755
_k จินตนา เอี่ยมคง
999 _c97960
_d97960